[Event "Stay Safe Play From Home 138"]
[Site "T#645932Emanuel Laske"]
[Date "2020.05.10"]
[Round "3"]
[White "NeatFox"]
[Black "Greblah"]
[Result "1-0"]
[WhiteElo "1843"]
[BlackElo "1757"]
[Annotator "NA RC"]
[PlyCount "111"]
[EventDate "2020.05.10"]
[EventType "swiss (blitz)"]

1. g4 {[%emt 0:00:04]} c6 {[%emt 0:00:00]} 2. Bg2 {[%emt 0:00:01]} d5 {[%emt 0:00:01]} 3. c4 {[%emt 0:00:01]} Bxg4 {[%emt 0:00:03]} 4. cxd5 {[%emt 0:00:01]} cxd5 {[%emt 0:00:02]} 5. Qb3 {[%emt 0:00:00]} Bc8 {[%emt 0:00:19]} 6. Bxd5 {[%emt 0:00:02]} e6 {[%emt 0:00:03]} 7. Bxb7 {[%emt 0:00:01]} Bxb7 {[%emt 0:00:01]} 8. Qxb7 {[%emt 0:00:02]} Nd7 {[%emt 0:00:01]} 9. Nc3 {[%emt 0:00:01]} Qc8 {[%emt 0:00:52]} 10. Qxc8+ {[%emt 0:00:05]} Rxc8 {[%emt 0:00:00]} 11. Nf3 {[%emt 0:00:01]} Ngf6 {[%emt 0:00:08]} 12. Rg1 {[%emt 0:00:02]} g6 {[%emt 0:00:06]} 13. d3 {[%emt 0:00:01]} Bd6 {[%emt 0:00:03]} 14. Bh6 {[%emt 0:00:02]} Rb8 {[%emt 0:00:20]} 15. Rb1 {[%emt 0:00:04]} Bb4 {[%emt 0:00:08]} 16. Kd2 {[%emt 0:00:05]} Nd5 {[%emt 0:00:14]} 17. a3 {[%emt 0:00:05]} Nxc3 {[%emt 0:00:08]} 18. bxc3 {[%emt 0:00:13]} Bxa3 {[%emt 0:00:01]} 19. Rxb8+ {[%emt 0:00:02]} Nxb8 {[%emt 0:00:01]} 20. Rb1 {[%emt 0:00:04]} Nd7 {[%emt 0:00:19]} 21. Rb7 {[%emt 0:00:04]} Bc5 {[%emt 0:00:56]} 22. Rc7 {[%emt 0:00:07]} Kd8 {[%emt 0:00:24]} 23. Rb7 {[%emt 0:00:08]} Kc8 {[%emt 0:00:06]} 24. Rb5 {[%emt 0:00:09]} Bxf2 {[%emt 0:00:04]} 25. Ne5 {[%emt 0:00:10]} Nxe5 {[%emt 0:00:06]} 26. Rxe5 {[%emt 0:00:00]} Rd8 {[%emt 0:00:06]} 27. Bg5 {[%emt 0:00:04]} Bb6 {[%emt 0:00:01]} 28. Bxd8 {[%emt 0:00:01]} Kxd8 {[%emt 0:00:00]} 29. Re4 {[%emt 0:00:05]} Ke7 {[%emt 0:00:00]} 30. Rc4 {[%emt 0:00:01]} f5 {[%emt 0:00:00]} 31. Kc2 {[%emt 0:00:05]} Kd6 {[%emt 0:00:00]} 32. Kb3 {[%emt 0:00:01]} g5 {[%emt 0:00:01]} 33. Rc8 {[%emt 0:00:02]} h5 {[%emt 0:00:01]} 34. Rh8 {[%emt 0:00:01]} h4 {[%emt 0:00:01]} 35. Rh5 {[%emt 0:00:02]} g4 {[%emt 0:00:01]} 36. Rxh4 {[%emt 0:00:01]} Bf2 {[%emt 0:00:00]} 37. Rh6 {[%emt 0:00:01]} Ke5 {[%emt 0:00:00]} 38. c4 {[%emt 0:00:01]} Kf4 {[%emt 0:00:01]} 39. c5 {[%emt 0:00:01]} e5 {[%emt 0:00:01]} 40. Kc2 {[%emt 0:00:01]} Bxc5 {[%emt 0:00:01]} 41. Rh7 {[%emt 0:00:03]} Be3 {[%emt 0:00:00]} 42. Kc3 {[%emt 0:00:01]} e4 {[%emt 0:00:01]} 43. d4 {[%emt 0:00:01]} Bf2 {[%emt 0:00:01]} 44. d5 {[%emt 0:00:01]} g3 {[%emt 0:00:00]} 45. hxg3+ {[%emt 0:00:02]} Kxg3 {[%emt 0:00:01]} 46. d6 {[%emt 0:00:01]} Bb6 {[%emt 0:00:01]} 47. d7 {[%emt 0:00:01]} Kf2 {[%emt 0:00:01]} 48. Kd2 {[%emt 0:00:01]} f4 {[%emt 0:00:01]} 49. Rh2+ {[%emt 0:00:02]} Kg3 {[%emt 0:00:02]} 50. Rh8 {[%emt 0:00:02]} e3+ {[%emt 0:00:01]} 51. Kd3 {[%emt 0:00:01]} f3 {[%emt 0:00:01]} 52. exf3 {[%emt 0:00:00]} Kxf3 {[%emt 0:00:01]} 53. d8=Q {[%emt 0:00:01]} Bxd8 {[%emt 0:00:01]} 54. Rxd8 {[%emt 0:00:00]} e2 {[%emt 0:00:00]} 55. Re8 {[%emt 0:00:01]} e1=Q {[%emt 0:00:00]} 56. Rxe1 {[%emt 0:00:01] Greblah gibt auf (Lag: Av=0.33s, max=0.9s)} 1-0

[Event "Stay Safe Play From Home 138"]
[Site "T#645932Emanuel Laske"]
[Date "2020.05.10"]
[Round "3"]
[White "Edmatuag"]
[Black "Sadbat1122"]
[Result "1-0"]
[WhiteElo "1707"]
[BlackElo "1576"]
[Annotator "NA RC"]
[PlyCount "71"]
[EventDate "2020.05.10"]
[EventType "swiss (blitz)"]

1. e4 {[%emt 0:00:03]} e6 {[%emt 0:00:01]} 2. d4 {[%emt 0:00:05]} d5 {[%emt 0:00:02]} 3. Nc3 {[%emt 0:00:03]} Bb4 {[%emt 0:00:03]} 4. e5 {[%emt 0:00:01]} Bd7 {[%emt 0:00:03]} 5. Qg4 {[%emt 0:00:06]} g6 {[%emt 0:00:05]} 6. Bg5 {[%emt 0:00:15]} Be7 {[%emt 0:00:03]} 7. h4 {[%emt 0:00:07]} h6 {[%emt 0:00:07]} 8. Be3 {[%emt 0:00:06]} h5 {[%emt 0:00:07]} 9. Qg3 {[%emt 0:00:17]} Nh6 {[%emt 0:00:02]} 10. Bd3 {[%emt 0:00:02]} Nf5 {[%emt 0:00:05]} 11. Bxf5 {[%emt 0:00:02]} exf5 {[%emt 0:00:21]} 12. Nxd5 {[%emt 0:00:04]} Be6 {[%emt 0:00:10]} 13. Nxe7 {[%emt 0:00:21]} Qxe7 {[%emt 0:00:02]} 14. c3 {[%emt 0:00:01]} Nd7 {[%emt 0:00:06]} 15. Bg5 {[%emt 0:00:02]} f6 {[%emt 0:00:04]} 16. exf6 {[%emt 0:00:04]} Nxf6 {[%emt 0:00:13]} 17. O-O-O {[%emt 0:00:02]} Qf7 {[%emt 0:00:21]} 18. Bxf6 {[%emt 0:00:10]} Qxf6 {[%emt 0:00:03]} 19. Qxc7 {[%emt 0:00:06]} O-O {[%emt 0:00:04]} 20. Kb1 {[%emt 0:00:10]} Rf7 {[%emt 0:00:14]} 21. Qa5 {[%emt 0:00:10]} b6 {[%emt 0:00:04]} 22. Qa3 {[%emt 0:00:03]} b5 {[%emt 0:00:09]} 23. Nf3 {[%emt 0:00:04]} Bd5 {[%emt 0:00:05]} 24. Ne5 {[%emt 0:00:03]} Rc7 {[%emt 0:00:11]} 25. Qa5 {[%emt 0:00:23]} Qd6 {[%emt 0:00:12]} 26. Nxg6 {[%emt 0:00:10]} Rac8 {[%emt 0:00:22]} 27. Ne5 {[%emt 0:00:03]} Qe6 {[%emt 0:00:14]} 28. f4 {[%emt 0:00:04]} Be4+ {[%emt 0:00:13]} 29. Ka1 {[%emt 0:00:02]} b4 {[%emt 0:00:11]} 30. Qxb4 {[%emt 0:00:07]} Rb7 {[%emt 0:00:04]} 31. Qa3 {[%emt 0:00:12]} Rcb8 {[%emt 0:00:04]} 32. Rd2 {[%emt 0:00:02]} Rb6 {[%emt 0:00:04]} 33. b3 {[%emt 0:00:17]} Ra6 {[%emt 0:00:11]} 34. d5 {[%emt 0:00:18]} Bxd5 {[%emt 0:00:09]} 35. Qc5 {[%emt 0:00:22]} Bxb3 {[%emt 0:00:18]} 36. Nd7 {[%emt 0:00:09] Time (Lag: Av=0.83s, max=1.2s)} 1-0

[Event "Stay Safe Play From Home 138"]
[Site "T#645932Emanuel Laske"]
[Date "2020.05.10"]
[Round "3"]
[White "Timbre"]
[Black "Chess_MX"]
[Result "1/2-1/2"]
[WhiteElo "1636"]
[BlackElo "1700"]
[Annotator "NA RC"]
[PlyCount "101"]
[EventDate "2020.05.10"]
[EventType "swiss (blitz)"]

1. d4 {[%emt 0:00:08]} d5 {[%emt 0:00:02]} 2. Nf3 {[%emt 0:00:01]} Nf6 {[%emt 0:00:03]} 3. c3 {[%emt 0:00:01]} Bf5 {[%emt 0:00:02]} 4. Bf4 {[%emt 0:00:01]} e6 {[%emt 0:00:01]} 5. e3 {[%emt 0:00:01]} h6 {[%emt 0:00:02]} 6. Bd3 {[%emt 0:00:02]} Bxd3 {[%emt 0:00:02]} 7. Qxd3 {[%emt 0:00:01]} Bd6 {[%emt 0:00:01]} 8. Bg3 {[%emt 0:00:02]} Nbd7 {[%emt 0:00:06]} 9. Nbd2 {[%emt 0:00:01]} Bxg3 {[%emt 0:00:04]} 10. hxg3 {[%emt 0:00:02]} c5 {[%emt 0:00:00]} 11. Kf1 {[%emt 0:00:04]} c4 {[%emt 0:00:02]} 12. Qe2 {[%emt 0:00:02]} b5 {[%emt 0:00:08]} 13. a3 {[%emt 0:00:02]} O-O {[%emt 0:00:02]} 14. e4 {[%emt 0:00:01]} dxe4 {[%emt 0:00:07]} 15. Nxe4 {[%emt 0:00:02]} Nxe4 {[%emt 0:00:01]} 16. Qxe4 {[%emt 0:00:01]} Nf6 {[%emt 0:00:01]} 17. Qe5 {[%emt 0:00:03]} Qd5 {[%emt 0:00:05]} 18. Qe2 {[%emt 0:00:03]} Qf5 {[%emt 0:00:12]} 19. Ne5 {[%emt 0:00:05]} a5 {[%emt 0:00:03]} 20. Nc6 {[%emt 0:00:08]} Kh7 {[%emt 0:00:22]} 21. Re1 {[%emt 0:00:07]} Nd5 {[%emt 0:00:30]} 22. Rh4 {[%emt 0:00:08]} Ra6 {[%emt 0:00:09]} 23. Ne5 {[%emt 0:00:04]} Re8 {[%emt 0:00:12]} 24. Kg1 {[%emt 0:00:02]} g5 {[%emt 0:00:06]} 25. Rh3 {[%emt 0:00:05]} f6 {[%emt 0:00:06]} 26. Nf3 {[%emt 0:00:05]} e5 {[%emt 0:00:15]} 27. dxe5 {[%emt 0:00:03]} Rae6 {[%emt 0:00:01]} 28. Qd2 {[%emt 0:00:09]} Nc7 {[%emt 0:00:13]} 29. Nd4 {[%emt 0:00:06]} Qd3 {[%emt 0:00:20]} 30. Qxd3+ {[%emt 0:00:04]} cxd3 {[%emt 0:00:00]} 31. Nxe6 {[%emt 0:00:02]} Rxe6 {[%emt 0:00:01]} 32. Rd1 {[%emt 0:00:01]} Rxe5 {[%emt 0:00:07]} 33. Rxd3 {[%emt 0:00:03]} Re1+ {[%emt 0:00:00]} 34. Kh2 {[%emt 0:00:02]} Kg6 {[%emt 0:00:02]} 35. Re3 {[%emt 0:00:06]} Rf1 {[%emt 0:00:06]} 36. f3 {[%emt 0:00:06]} Rf2 {[%emt 0:00:13]} 37. b4 {[%emt 0:00:03]} axb4 {[%emt 0:00:02]} 38. cxb4 {[%emt 0:00:01]} Nd5 {[%emt 0:00:01]} 39. Rd3 {[%emt 0:00:03]} Ne7 {[%emt 0:00:08]} 40. Kg1 {[%emt 0:00:04]} Ra2 {[%emt 0:00:04]} 41. g4 {[%emt 0:00:02]} f5 {[%emt 0:00:04]} 42. gxf5+ {[%emt 0:00:02]} Nxf5 {[%emt 0:00:00]} 43. Rh1 {[%emt 0:00:07]} h5 {[%emt 0:00:07]} 44. Kh2 {[%emt 0:00:01]} g4 {[%emt 0:00:01]} 45. fxg4 {[%emt 0:00:02]} hxg4 {[%emt 0:00:00]} 46. Rf1 {[%emt 0:00:02]} Nh4 {[%emt 0:00:15]} 47. Rd6+ {[%emt 0:00:07]} Kg7 {[%emt 0:00:10]} 48. Rd7+ {[%emt 0:00:02]} Kg6 {[%emt 0:00:02]} 49. Rd6+ {[%emt 0:00:01]} Kg7 {[%emt 0:00:01]} 50. Rd7+ {[%emt 0:00:01]} Kg6 {[%emt 0:00:01]} 51. Rd6+ {[%emt 0:00:01] (Lag: Av=0.50s, max=1.0s)} 1/2-1/2

[Event "Stay Safe Play From Home 138"]
[Site "T#645932Emanuel Laske"]
[Date "2020.05.10"]
[Round "3"]
[White "Özgür7"]
[Black "Haris kollari 13"]
[Result "0-1"]
[WhiteElo "1601"]
[BlackElo "1902"]
[Annotator "TA"]
[PlyCount "66"]
[EventDate "2020.05.10"]
[EventType "swiss (blitz)"]

{[%evp 14,66,0,-2,4,2,9,9,0,-27,10,8,52,14,27,0,10,-39,-45,-47,-38,-68,0,-35,-49,-45,0,-17,0,-22,-26,-19,45,9,8,-13,0,-15,0,-43,0,-109,-114,-288,-238,-709,-708,-3783,3079,-1854,-1815,-1755,-1728,-29991,-29992]} 1. e4 e6 2. d4 d5 3. exd5 exd5 4. Bd3 Nf6 5. Nf3 c5 6. dxc5 Bxc5 7. O-O O-O 8. Bg5 Bg4 {C01: French: Exchange Variation.} 9. Nbd2 Nbd7 {[#]} 10. h3 $146 ({Predecessor:} 10. Re1 Qb6 11. Bh4 Qxb2 12. Rb1 Qxa2 13. Rxb7 Bb6 14. Qa1 Qxa1 15. Rxa1 Rfd8 16. h3 {0-1 (44) Shantanu,S (1075)-Chhabra,A (1620) Kalyan 2019}) 10... Bh5 {The position is equal.} 11. a3 Rc8 12. c3 Bd6 13. Rc1 Bb8 14. Bb1 Qc7 15. Qc2 Bg6 16. Qd1 Ne4 17. Bh4 Rfe8 ({Better is} 17... Ndc5 $15) 18. Nxe4 (18. Re1 {is more complex.} Nf8 19. Ba2 Nc5 20. Rxe8 Rxe8 21. Bg3) 18... dxe4 19. Bg3 Qc6 20. Nd4 Qd5 21. Qe2 Bxg3 22. fxg3 f5 (22... Nc5 $11) 23. b4 {[#] Ba2 is the strong threat.} Kh8 24. Rcd1 {Strongly threatening Nxf5.} Qe5 {Black wants to play ...Nf6.} 25. Nb5 Re7 26. Nxa7 (26. Nd6 $5 {[%cal Rd6c8]} Rxc3 27. g4 $11) 26... Rxc3 27. Nb5 (27. g4 $11 {remains equal.}) 27... Rxg3 $17 {And now ...Nf6 would win.} 28. Qc2 $2 (28. Nd6 $17 {was worth a try.}) 28... Qxb5 29. Qc8+ $2 (29. Qc7 e3 30. Rxd7 Qxd7 31. Qxg3) 29... Be8 $19 {[#] aiming for ...Qe2.} 30. Rxf5 g6 $4 {[%mdl 8192]} (30... Qxf5 $19 31. Rf1 Qxh3) 31. Rf8+ $4 {[%mdl 8192]} (31. Rxb5 $18 Kg7 32. Qd8) 31... Nxf8 32. Rf1 Kg7 33. Qc3+ Rxc3 {Accuracy: White = 40%, Black = 55%.} 0-1

[Event "Stay Safe Play From Home 138"]
[Site "T#645932Emanuel Laske"]
[Date "2020.05.10"]
[Round "4"]
[White "Haris kollari 13"]
[Black "Edmatuag"]
[Result "1-0"]
[WhiteElo "1907"]
[BlackElo "1718"]
[Annotator "TA"]
[PlyCount "131"]
[EventDate "2020.05.10"]
[EventType "swiss (blitz)"]

{[%evp 12,131,43,14,36,8,56,74,69,30,85,17,18,0,89,-102,-89,-64,38,-21,85,85,183,179,187,204,544,341,474,453,483,425,844,85,85,77,78,77,76,-19,-23,-129,87,0,247,125,281,-20,262,-136,449,252,251,177,473,199,197,159,244,230,328,328,372,344,397,389,694,270,270,264,245,272,269,271,289,104,104,104,104,104,104,8,8,-8,-7,-9,-9,-118,-152,-210,-187,-208,-189,-191,-200,-315,-265,-387,-347,-505,-505,-505,-505,-505,-505,-590,-505,-487,-272,-272,-272,-272,-258,-242,29980,-216,-216,-5140,-5133,-5085,-466,-580]} 1. e4 c5 2. Nf3 d6 3. d4 cxd4 4. Nxd4 Nf6 5. Nc3 a6 6. f4 Nc6 7. Be3 e5 {B93: Sicilian Najdorf: 6 f4.} 8. Nf3 {[#]} Be6 $146 ({Predecessor:} 8... Be7 9. Nd5 O-O 10. Bb6 Qd7 11. fxe5 Nxd5 12. Qxd5 Nb4 13. Qd2 Qa4 14. Bd3 Nxd3+ 15. cxd3 dxe5 {½-½ (81) Novik,M (2390)-Kovalev,A (2500) Katowice 1990}) 9. f5 Bd7 {White is better.} 10. Qd2 Rc8 (10... b5 $11) 11. O-O-O (11. Bg5 $16) 11... b5 {[%cal Bb7b5,Bb5b4][%mdl 32]} 12. Bg5 $36 {[%mdl 2048] White is more active.} Qa5 (12... b4 $11 {keeps the balance.} 13. Nd5 Nxe4) 13. Kb1 $2 (13. Bxf6 $1 $16 {is necessary to keep the advantage.} gxf6 14. Kb1) 13... b4 $17 14. Nd5 Nxd5 (14... Nxe4 $15 15. Qe1 Bxf5) 15. exd5 (15. Qxd5 $14 Qxd5 16. Rxd5 (16. exd5 Ne7 $11)) 15... Ne7 (15... b3 $1 $11 16. cxb3 Bxf5+ 17. Ka1 Nb4) 16. f6 $16 Nf5 (16... gxf6 $16 {was called for.} 17. Bxf6 Rg8) 17. g4 $18 gxf6 18. Bxf6 Ng7 $2 (18... Bh6 19. Qd3 Ne3) 19. g5 Bf5 20. Bd3 Bg6 21. h4 Qxd5 (21... Bh5 $142 22. Qe3 Qc5 23. Bxa6 Be7) 22. Bxg6 $2 (22. Bxa6 $18 {and the rest is easy.} Qxf3 23. Bb5+ Rc6 24. Rde1) 22... Qxd2 $16 {[#]} 23. Bxf7+ $1 {[%mdl 512]} Kxf7 24. Rxd2 Rg8 25. Rhd1 (25. Bxe5 $16 dxe5 26. Nxe5+ Ke8 27. Re1) 25... Nh5 $11 26. Rd5 (26. Rf2 $11 {remains equal.}) 26... Nf4 $2 (26... Nxf6 $17 27. gxf6 Kxf6) 27. Ra5 ({White should play} 27. Rxd6 $16 Bxd6 28. Rxd6) 27... Rc6 $2 {[#]} (27... Nh5 $1 $11 {and Black stays safe.}) 28. b3 ({White should try} 28. Bxe5 $1 $18 {[%mdl 512]} Ne6 (28... dxe5 29. Nxe5+) 29. Rf1) 28... Ke6 $2 {[#]} (28... Rg6 $16) 29. Rd2 $2 (29. Bxe5 $1 $18 {[%mdl 512]} dxe5 30. Rxe5+ Kf7 31. Rf5+ {[%mdl 64] Double Attack} Kg7 32. Rxf4) 29... h6 $2 {[%mdl 8192] [#]} (29... Bg7 $11) 30. Ra4 $2 ({Only move:} 30. Bxe5 $1 $18 {[%mdl 512]} dxe5 31. Rxe5+ Kf7 32. Rf5+ {[%mdl 64] Double Attack} Ke8 33. Rxf4) 30... d5 $2 {[%mdl 8192]} (30... Nd5 $17 {stays on course.} 31. Kc1 Nxf6 32. gxf6 Rb6) 31. Nxe5 (31. Bxe5 $142 hxg5 32. hxg5) 31... Rb6 $18 32. Nd3 Bd6 $2 (32... Nxd3 {was necessary.} 33. cxd3 (33. Rxd3 Bc5 $16) 33... Bg7) 33. Nxf4+ (33. Bd4 $142 Rbb8 34. gxh6 Nxd3 35. Rxd3) 33... Bxf4 34. Re2+ Kf5 (34... Kd7 $16) 35. Ra5 Kg4 (35... Rb5 {was worth a try.} 36. Rxa6 hxg5) 36. Rxd5 h5 {Now ...Rd6 and Black clings on.} 37. Rd4 Kf3 38. Re1 {Black must now prevent Rf1+.} Bg3 $2 (38... Kf2 39. Ree4 (39. Rxf4+ Kxe1 40. Be7 a5 $14) 39... Be3 40. Rxb4 Rxb4 41. Rxb4 Kg2) 39. Rf1+ $2 (39. Rd3+ Kg2 40. Ree3) 39... Kg2 40. Rfd1 {Hoping for R4d2+.} Re8 41. R4d2+ Kh3 42. Rd3 Kg4 43. Rg1 $2 (43. Kb2 $18 {is more deadly. Rg1 is the strong threat.} Kxh4 44. Rd4+ Kh3 45. Rh1+ Kg2 46. Rxh5) 43... Re1+ $16 44. Rxe1 Bxe1 {[%mdl 4096] Endgame KRB-KRB} 45. Rd4+ Kh3 {[#]} 46. Re4 (46. a3 $1 $16) 46... Bxh4 $11 47. Be7 Bg3 48. Bxb4 Rg6 49. Be7 (49. Kb2 $11) 49... h4 {[%mdl 1024] Black has strong compensation.} 50. Bf6 (50. Bb4 $17) 50... Kg2 $19 51. Re2+ Kf3 52. Rd2 h3 53. Rd1 (53. Rd3+ $142 Kf2 54. Bd4+ Kg2 55. Rd2+ Kf3 56. Rd3+ Kg4 57. Bg1) 53... h2 54. Kb2 (54. c4 $142) 54... Kg2 55. Rd2+ (55. c4 {is a better defense.} Rg8 56. Rc1) 55... Bf2 {Strongly threatening ...Rxf6!} 56. Bd4 h1=Q 57. Rxf2+ Kg3 58. Rd2 Qe4 59. Bf6 Rxf6 (59... Qe6 $142 60. c4 Rg8) 60. gxf6 {KQ-KR} Qe5+ 61. c3 {If White can now play f7 this consolidates a bit.} Qxf6 62. a4 Kf4 $4 {[%mdl 8192]} (62... a5 $19 63. Rd5 Qf2+ 64. Ka3 Qf8+ 65. Kb2 Qf2+ 66. Ka3 Qb6 67. Rd3+ Kf2) 63. Rd4+ $4 {[%mdl 8192]} (63. Rf2+ {mates} Kg5 64. Rxf6 Kxf6 65. Ka3 Kf5 66. Kb4 Ke5 67. Ka5 Kf4 68. Kxa6) 63... Ke3 {aiming for ...Qf2+.} 64. Rc4 $2 (64. Rd1) 64... Qf2+ 65. Ka3 Qc2 (65... Kd2 $142 {( -> ...a5)} 66. Rd4+ Kc2) 66. Kb4 {[%mdl 32768] Accuracy: White = 27%, Black = 32%. . Sensor Board Error (Ke4/e5)?} 1-0

[Event "Stay Safe Play From Home 138"]
[Site "T#645932Emanuel Laske"]
[Date "2020.05.10"]
[Round "4"]
[White "Ortznoi"]
[Black "NeatFox"]
[Result "1/2-1/2"]
[WhiteElo "1897"]
[BlackElo "1856"]
[Annotator "NA RC"]
[PlyCount "64"]
[EventDate "2020.05.10"]
[EventType "swiss (blitz)"]

1. d4 {[%emt 0:00:03]} Nf6 {[%emt 0:00:02]} 2. c4 {[%emt 0:00:01]} e5 {[%emt 0:00:01]} 3. dxe5 {[%emt 0:00:02]} Ng4 {[%emt 0:00:01]} 4. Bf4 {[%emt 0:00:01]} Nc6 {[%emt 0:00:01]} 5. Nf3 {[%emt 0:00:02]} Bb4+ {[%emt 0:00:02]} 6. Nc3 {[%emt 0:00:01]} Bxc3+ {[%emt 0:00:01]} 7. bxc3 {[%emt 0:00:01]} Qe7 {[%emt 0:00:01]} 8. Qd5 {[%emt 0:00:01]} Qa3 {[%emt 0:00:04]} 9. Qd2 {[%emt 0:00:12]} Qe7 {[%emt 0:00:02]} 10. Qd5 {[%emt 0:00:17]} Qa3 {[%emt 0:00:03]} 11. Rc1 {[%emt 0:00:03]} O-O {[%emt 0:00:09]} 12. h3 {[%emt 0:00:03]} Nh6 {[%emt 0:00:07]} 13. e4 {[%emt 0:00:04]} Ne7 {[%emt 0:00:21]} 14. Qd2 {[%emt 0:00:05]} Ng6 {[%emt 0:00:28]} 15. Bxh6 {[%emt 0:00:11]} gxh6 {[%emt 0:00:00]} 16. Qxh6 {[%emt 0:00:02]} f6 {[%emt 0:00:09]} 17. c5 {[%emt 0:00:12]} Qxc5 {[%emt 0:00:12]} 18. exf6 {[%emt 0:00:04]} Rxf6 {[%emt 0:00:04]} 19. e5 {[%emt 0:00:09]} Rxf3 {[%emt 0:00:21]} 20. gxf3 {[%emt 0:00:03]} Qxe5+ {[%emt 0:00:01]} 21. Be2 {[%emt 0:00:03]} b6 {[%emt 0:00:07]} 22. Rg1 {[%emt 0:00:01]} Ba6 {[%emt 0:00:02]} 23. Rc2 {[%emt 0:00:21]} Re8 {[%emt 0:00:05]} 24. Rxg6+ {[%emt 0:00:06]} hxg6 {[%emt 0:00:01]} 25. Qxg6+ {[%emt 0:00:01]} Kh8 {[%emt 0:00:01]} 26. Qh6+ {[%emt 0:00:04]} Kg8 {[%emt 0:00:01]} 27. Qg6+ {[%emt 0:00:01]} Kh8 {[%emt 0:00:01]} 28. c4 {[%emt 0:00:23]} Bxc4 {[%emt 0:00:09]} 29. Qh6+ {[%emt 0:00:09]} Kg8 {[%emt 0:00:01]} 30. Qg6+ {[%emt 0:00:08]} Kh8 {[%emt 0:00:01]} 31. Qh6+ {[%emt 0:00:15]} Kg8 {[%emt 0:00:01]} 32. Qg6+ {[%emt 0:00:03]} Kh8 {[%emt 0:00:16] (Lag: Av=0.45s, max=1.0s)} 1/2-1/2

[Event "Stay Safe Play From Home 138"]
[Site "T#645932Emanuel Laske"]
[Date "2020.05.10"]
[Round "4"]
[White "Dukic"]
[Black "Weltszmerc"]
[Result "0-1"]
[WhiteElo "1865"]
[BlackElo "1983"]
[Annotator "TA"]
[PlyCount "60"]
[EventDate "2020.05.10"]
[EventType "swiss (blitz)"]

{[%evp 10,60,18,19,32,23,25,17,18,21,60,53,62,15,11,11,17,0,9,9,0,0,0,0,0,-17,-21,-13,-41,-64,-55,-55,23,17,57,20,48,41,87,48,46,0,0,0,40,28,76,0,221,218,536,-214,-190]} 1. d4 b6 2. c4 Bb7 3. Nc3 Nf6 4. Qc2 d5 5. cxd5 Nxd5 6. e4 Nxc3 {A50: Queen's Fianchetto Defence (1 d4 Nf6 2 c4 b6).} 7. bxc3 e6 8. Nf3 Be7 {The position is equal.} 9. Bd3 O-O 10. O-O c5 11. Rd1 (11. d5 $5) 11... cxd4 12. cxd4 Nc6 {[#]} 13. Qb2 $146 ({Predecessor:} 13. Bb5 Qd6 14. g3 a6 15. Bf4 Nb4 16. Qe2 e5 17. Bxe5 Qg6 18. Ba4 Qxe4 19. Qxe4 Bxe4 {0-1 (36) Schorra,H (2465)-Mrugala,A (2315) ICCF email 1998}) 13... Nb4 14. Bb1 $1 Rc8 15. a3 Nc6 16. Bf4 Na5 17. Qe2 Qd7 18. Ba2 Qa4 19. d5 exd5 $1 20. exd5 Bxa3 (20... Rfe8 $1 $15 21. Be3 Bf6) 21. Be5 $11 {And now Qd3 would win.} Rc2 22. Rd2 Rxd2 23. Qxd2 Qb4 24. Bc3 {[%mdl 1024] White has strong compensation.} Qd6 $1 25. Qd3 {Strongly threatening Be5.} Qg6 26. Qd2 {next Bb1 is good for White.} Bc5 27. Ne5 Qf5 28. Bb1 ({White should play} 28. Re1 $1 $16 {Black must now prevent d6.} Bd6 29. Nc6 $1 {[%mdl 512]}) 28... Qc8 $2 (28... Qh5 $11 29. Ba2 Bd6) 29. d6 $18 Bxd6 $2 {[#]} (29... Qe6) 30. Qc2 $4 {[%mdl 8192]} (30. Qd3 $1 $18 {[%csl Gb1][%cal Rd3h7] was the only winning move.} g6 31. Nxf7 Rxf7 32. Qd4) 30... g6 {Accuracy: White = 68%, Black = 56%.} 0-1

[Event "Stay Safe Play From Home 138"]
[Site "T#645932Emanuel Laske"]
[Date "2020.05.10"]
[Round "4"]
[White "Zacko1"]
[Black "Kongle"]
[Result "0-1"]
[WhiteElo "1848"]
[BlackElo "1755"]
[Annotator "NA RC"]
[PlyCount "48"]
[EventDate "2020.05.10"]
[EventType "swiss (blitz)"]

1. c4 {[%emt 0:00:01]} e5 {[%emt 0:00:03]} 2. Nc3 {[%emt 0:00:01]} Nc6 {[%emt 0:00:02]} 3. Nf3 {[%emt 0:00:00]} f5 {[%emt 0:00:03]} 4. d3 {[%emt 0:00:04]} Nf6 {[%emt 0:00:02]} 5. g3 {[%emt 0:00:00]} Bc5 {[%emt 0:00:02]} 6. Bg2 {[%emt 0:00:01]} d6 {[%emt 0:00:01]} 7. O-O {[%emt 0:00:01]} O-O {[%emt 0:00:01]} 8. Rb1 {[%emt 0:00:00]} a6 {[%emt 0:00:01]} 9. a3 {[%emt 0:00:01]} Ba7 {[%emt 0:00:02]} 10. b4 {[%emt 0:00:01]} Qe8 {[%emt 0:00:01]} 11. Nd5 {[%emt 0:00:05]} Nxd5 {[%emt 0:00:03]} 12. cxd5 {[%emt 0:00:01]} Ne7 {[%emt 0:00:02]} 13. Nd2 {[%emt 0:00:12]} f4 {[%emt 0:00:07]} 14. Ne4 {[%emt 0:00:05]} Qg6 {[%emt 0:00:16]} 15. Kh1 {[%emt 0:00:20]} Nxd5 {[%emt 0:00:06]} 16. Bb2 {[%emt 0:01:03]} fxg3 {[%emt 0:00:06]} 17. hxg3 {[%emt 0:00:08]} Bg4 {[%emt 0:00:32]} 18. Nc3 {[%emt 0:00:22]} Ne3 {[%emt 0:00:12]} 19. fxe3 {[%emt 0:00:18]} Qh5+ {[%emt 0:00:01]} 20. Kg1 {[%emt 0:00:20]} Bxe3+ {[%emt 0:00:03]} 21. Rf2 {[%emt 0:00:07]} Rxf2 {[%emt 0:00:04]} 22. Qb3+ {[%emt 0:00:03]} Kh8 {[%emt 0:00:04]} 23. Nd5 {[%emt 0:00:10]} Rxg2+ {[%emt 0:00:02]} 24. Kxg2 {[%emt 0:00:02]} Qh3# {[%emt 0:00:01] (Lag: Av=0.45s, max=0.7s)} 0-1